000 00918nam a2200241 i 4500
001 90316
003 ES-MaACL
005 20250811144313.0
007 t|
008 050119s1934 sp ||||1| spa d
245 0 0 _aLeyes penales
_b: (conforme a los textos oficiales) /
_cconcordadas, anotadas y con índices completísimos por Mariano Granados y Gregorio Peces-Barba ; con la colaboración de Miguel Carazony.
260 _aMadrid :
_b[s.n.],
_c1934 (
_fUnion Poligráfica)
300 _a18 t. en 1 v. ;
_c16 cm.
490 1 _aLegislación española
490 1 _aCódigos y leyes españolas
700 1 _aGranados y Aguirre, Mariano.
_959566
700 1 _aCarazony, Miguel.
_934985
700 1 _aPeces-Barba del Brío, Gregorio,
_d1912-1997
_989836
830 0 _aLegislación española
_9184145
830 0 _aCódigos y leyes españolas
_9184146
852 _aES-MaACL
_jA-2430
999 _c90316
_d90316